000 00654nam a2200169Ia 4500
008 100917s9999 xx 000 0 und d
082 _b17913
100 _aफळणीकर वामन
245 _aरबरी शि े तयार करण्यास लागणारे सामान
260 _b---
_c1884
365 _b0
520 _aहुन्नर
630 _aरबरी शि े तयार करण्यास लागणारे सामान
650 _aहुन्नर
730 _aरबरी शि े तयार करण्यास लागणारे सामान
942 _cBOOK
999 _c623307
_d623304